[Event "Kokkola We KokkSK"]
[Site "Kokkola"]
[Date "2017.03.19"]
[Round "4"]
[White "Ronka, Erik"]
[Black "Marjusaari, Eero"]
[Result "1/2-1/2"]
[WhiteElo "2275"]
[BlackElo "2122"]
[PlyCount "39"]
[EventDate "2017.03.18"]
[EventType "swiss"]
[EventRounds "5"]
[EventCountry "FIN"]
[SourceTitle "EXT 2022"]
[Source "ChessBase"]
[SourceDate "2021.10.06"]
[SourceVersion "1"]
[SourceVersionDate "2021.10.06"]
[SourceQuality "1"]

1. d4 Nf6 2. Nf3 b6 3. Bg5 Bb7 4. Nbd2 d5 5. e3 e6 6. Bd3 Nbd7 7. Qe2 Be7 8. 0-0 0-0 9. c4 c5 10. cxd5 exd5 11. Ba6 Bxa6 12. Qxa6 Ne4 13. Bf4 Nxd2 14. Nxd2 Bf6 15. Nf3 Qc8 16. Qa4 Re8 17. Rac1 Qb7 18. dxc5 Nxc5 19. Qc2 Rac8 20. Qd2 1/2-1/2

[Event "FIN-chT1A 1617"]
[Site "Finland"]
[Date "2016.09.18"]
[Round "2.2"]
[White "Marjusaari, Eero"]
[Black "Heinola, Vesa Pekka"]
[Result "0-1"]
[WhiteElo "2125"]
[BlackElo "2195"]
[PlyCount "98"]
[EventDate "2016.09.17"]
[EventType "team-tourn"]
[EventRounds "7"]
[EventCountry "FIN"]
[SourceTitle "EXT 2019"]
[Source "ChessBase"]
[SourceDate "2018.10.10"]
[SourceVersion "1"]
[SourceVersionDate "2018.10.10"]
[SourceQuality "1"]
[WhiteTeam "Raahe Li"]
[BlackTeam "Helsinki HSK"]
[WhiteTeamCountry "FIN"]
[BlackTeamCountry "FIN"]

1. e4 c5 2. Nc3 Nc6 3. Bb5 Nd4 4. Nf3 e6 5. 0-0 a6 6. Bd3 Qc7 7. Nxd4 cxd4 8. Ne2 Bc5 9. c3 dxc3 10. bxc3 d5 11. Bc2 dxe4 12. Bxe4 Nf6 13. Bf3 Bd6 14. g3 0-0 15. d4 Bd7 16. Bg5 Nd5 17. Qb3 Bb5 18. Rfc1 Bc4 19. Qb2 h6 20. Bd2 b5 21. a4 Rab8 22. axb5 Rxb5 23. Qc2 Rfb8 24. Rcb1 Qb6 25. Rxb5 Qxb5 26. Nf4 Nxf4 27. Bxf4 Bxf4 28. gxf4 g6 29. Qa4 Qxa4 30. Rxa4 Rb1+ 31. Kg2 Bf1+ 32. Kg3 Bb5 33. Rb4 Rc1 34. Rb3 Rg1+ 35. Kh4 Kg7 36. Kh3 g5 37. fxg5 hxg5 38. Bg2 g4+ 39. Kxg4 Rxg2+ 40. Kf3 Rxh2 41. Kg3 Rh5 42. f4 Kf6 43. Rb1 Rh8 44. Rc1 Rc8 45. Kf3 Bc4 46. Ke3 Rb8 47. Rh1 Rb2 48. Rc1 a5 49. Ra1 Ra2 0-1

[Event "Heart of Finland op 26th"]
[Site "Jyvaskyla"]
[Date "2016.07.23"]
[Round "8.9"]
[White "Koykka, Pekka"]
[Black "Marjusaari, Eero"]
[Result "1/2-1/2"]
[WhiteElo "2319"]
[BlackElo "2072"]
[PlyCount "108"]
[EventDate "2016.07.18"]
[EventType "swiss"]
[EventRounds "9"]
[EventCountry "FIN"]
[SourceTitle "EXT 2022"]
[Source "ChessBase"]
[SourceDate "2021.10.06"]
[SourceVersion "1"]
[SourceVersionDate "2021.10.06"]
[SourceQuality "1"]

1. d4 Nf6 2. c4 e6 3. Nc3 Bb4 4. f3 d5 5. a3 Be7 6. e4 dxe4 7. fxe4 e5 8. d5 Bc5 9. Nf3 Bg4 10. h3 Bxf3 11. Qxf3 Nbd7 12. Bd3 c6 13. Bc2 0-0 14. Bd2 Bd4 15. Ne2 Qb6 16. Rb1 Rac8 17. b3 Rfe8 18. Nxd4 exd4 19. Kd1 Ne5 20. Qg3 d3 21. Bxd3 Nxd3 22. Qxd3 Nxe4 23. Be3 Nf2+ 24. Kd2 Nxd3 25. Bxb6 Nf4 26. Bxa7 cxd5 27. g3 Ng6 28. cxd5 Red8 29. Rhd1 Rxd5+ 30. Ke2 Ra5 31. Bb6 Rxa3 32. Rd8+ Rxd8 33. Bxd8 Kf8 34. Bb6 Ke8 35. Bd4 f6 36. h4 Kf7 37. Kd3 Ne5+ 38. Ke4 Ke6 39. Bc5 Ra2 40. Rd1 Rg2 41. Rd6+ Kf7 42. Rb6 Rxg3 43. Rxb7+ Kg6 44. Bf8 Rg4+ 45. Kd5 Rxh4 46. Rxg7+ Kf5 47. Rg1 Rh3 48. Rf1+ Rf3 49. Rxf3+ Nxf3 50. Bh6 Kg6 51. Bf4 Kf5 52. Bh6 Kg6 53. Bf4 Kf5 54. Bh6 Kg6 1/2-1/2

[Event "Raahe We RaahLi"]
[Site "Raahe"]
[Date "2015.11.??"]
[Round "2"]
[White "Ronka, Erik"]
[Black "Marjusaari, Eero"]
[Result "1-0"]
[WhiteElo "2295"]
[BlackElo "2092"]
[PlyCount "65"]
[EventDate "2015.10.31"]
[EventType "swiss"]
[EventRounds "5"]
[EventCountry "FIN"]
[SourceTitle "EXT 2022"]
[Source "ChessBase"]
[SourceDate "2021.10.06"]
[SourceVersion "1"]
[SourceVersionDate "2021.10.06"]
[SourceQuality "1"]

1. d4 Nf6 2. c4 e6 3. Nc3 Bb4 4. a3 Bxc3+ 5. bxc3 c5 6. f3 d5 7. cxd5 exd5 8. e3 0-0 9. Bd3 Nc6 10. Ne2 Re8 11. 0-0 Qc7 12. Ra2 Na5 13. Ng3 Bd7 14. Raf2 Rad8 15. Bb1 Bb5 16. Re1 Bc4 17. e4 dxe4 18. fxe4 Bb3 19. Qf3 cxd4 20. cxd4 Be6 21. Bg5 Bg4 22. Qd3 Qc4 23. Bxf6 Qxd3 24. Bxd3 gxf6 25. Rf4 Be6 26. Nh5 Re7 27. Nxf6+ Kg7 28. Re3 Rc7 29. d5 Bc8 30. Rg3+ Kf8 31. Rg8+ Ke7 32. d6+ Rxd6 33. Re8# 1-0

[Event "Heart of Finland op 25th"]
[Site "Jyvaskyla"]
[Date "2015.07.15"]
[Round "4"]
[White "Lobanov, Sergei"]
[Black "Marjusaari, Eero"]
[Result "1-0"]
[WhiteElo "2342"]
[BlackElo "2082"]
[PlyCount "71"]
[EventDate "2015.07.13"]
[EventType "swiss"]
[EventRounds "9"]
[EventCountry "FIN"]
[SourceTitle "CBM 167 Extra"]
[Source "ChessBase"]
[SourceDate "2015.09.14"]
[SourceVersion "1"]
[SourceVersionDate "2015.09.14"]
[SourceQuality "1"]

1. e4 c5 2. Nf3 g6 3. d4 cxd4 4. Nxd4 Nc6 5. Nc3 Bg7 6. Be3 Nf6 7. Be2 0-0 8. Nb3 a5 9. a4 d5 10. exd5 Nb4 11. Bf3 Bg4 12. Bxg4 Nxg4 13. Qxg4 Nxc2+ 14. Ke2 Nxa1 15. Rxa1 Bxc3 16. bxc3 Qxd5 17. Nc5 Rfd8 18. Qe4 Qh5+ 19. g4 Qh4 20. Nxb7 Rdc8 21. c4 Qf6 22. Rb1 Qc3 23. c5 Ra6 24. Qd3 Qf6 25. Nd6 Rxd6 26. cxd6 exd6 27. Rb6 Qe6 28. Qd4 Rc4 29. Rb8+ Rc8 30. Rxc8+ Qxc8 31. Bh6 Qe6+ 32. Kf3 f6 33. Bf4 d5 34. Bd2 h5 35. h3 hxg4+ 36. hxg4 1-0

[Event "Heart of Finland op 24th"]
[Site "Jyvaskyla"]
[Date "2014.07.12"]
[Round "8"]
[White "Tiitta, Sauli"]
[Black "Marjusaari, Eero"]
[Result "1-0"]
[WhiteElo "2242"]
[BlackElo "2066"]
[PlyCount "107"]
[EventDate "2014.07.07"]
[EventType "swiss"]
[EventRounds "9"]
[EventCountry "FIN"]
[SourceTitle "EXT 2019"]
[Source "ChessBase"]
[SourceDate "2018.10.10"]
[SourceVersion "1"]
[SourceVersionDate "2018.10.10"]
[SourceQuality "1"]

1. g4 e5 2. c4 Nc6 3. Nc3 d6 4. h3 g6 5. d3 Bg7 6. Nf3 Nge7 7. Bg5 h6 8. Bd2 0-0 9. Qc1 Kh7 10. g5 h5 11. Ne4 Nf5 12. Nf6+ Bxf6 13. gxf6 Qxf6 14. Ng5+ Kg8 15. Rg1 Nfd4 16. Ne4 Qe6 17. Bh6 Rd8 18. Bg5 Ne7 19. Nf6+ Kh8 20. Nd5 Nxd5 21. cxd5 Qd7 22. Bxd8 Qxd8 23. Qh6+ Kg8 24. 0-0-0 Qe8 25. Kb1 c6 26. e3 Nf5 27. Qg5 cxd5 28. Be2 Kh7 29. e4 dxe4 30. dxe4 Ng7 31. Rxd6 Be6 32. b3 a5 33. Rgd1 a4 34. Rd8 Rxd8 35. Rxd8 Qc6 36. Qe3 axb3 37. axb3 Qc7 38. Rd3 f5 39. Rc3 Qa5 40. Kb2 fxe4 41. Qxe4 Qd5 42. Bd3 Qxe4 43. Bxe4 b6 44. h4 Bf5 45. f3 Bxe4 46. fxe4 Ne6 47. Ka3 Nc5 48. Re3 Kg7 49. Kb4 Kf6 50. Kb5 Nd7 51. Kc6 Ke6 52. b4 Ke7 53. Re1 Ke6 54. Rg1 1-0

[Event "Heart of Finland op 24th"]
[Site "Jyvaskyla"]
[Date "2014.07.08"]
[Round "2"]
[White "Mertanen, Janne"]
[Black "Marjusaari, Eero"]
[Result "1/2-1/2"]
[WhiteElo "2288"]
[BlackElo "2066"]
[PlyCount "85"]
[EventDate "2014.07.07"]
[EventType "swiss"]
[EventRounds "9"]
[EventCountry "FIN"]
[SourceTitle "CBM 161 Extra"]
[Source "ChessBase"]
[SourceDate "2014.08.29"]
[SourceVersion "1"]
[SourceVersionDate "2014.08.29"]
[SourceQuality "1"]

1. d4 Nf6 2. c4 e6 3. Nf3 Bb4+ 4. Bd2 Qe7 5. g3 Nc6 6. Nc3 Bxc3 7. Bxc3 Ne4 8. Rc1 0-0 9. Bg2 Nxc3 10. Rxc3 d6 11. d5 Nb8 12. dxe6 fxe6 13. Nd4 c6 14. 0-0 Nd7 15. Qd2 Nf6 16. e4 e5 17. Nc2 Be6 18. Ne3 Ng4 19. Nxg4 Bxg4 20. Rd3 Rad8 21. b3 Rd7 22. h3 Be6 23. f4 exf4 24. gxf4 g6 25. Kh2 Rfd8 26. Rd1 Qh4 27. Qe3 a6 28. Rf1 Rf8 29. Qd2 Qe7 30. Rd1 Qh4 31. Rxd6 Rxd6 32. Qxd6 Qxf4+ 33. Qxf4 Rxf4 34. Rd6 Kf7 35. Rd8 Rf2 36. Rb8 b5 37. Rb6 bxc4 38. Rxc6 cxb3 39. axb3 Bxb3 40. Rxa6 Ra2 41. Rb6 Bc4 42. Kg3 g5 43. Rb7+ 1/2-1/2

[Event "Vierumaki We LahS 20"]
[Site "Vierumaki"]
[Date "2013.??.??"]
[Round "4"]
[White "Luukkonen, Tommi"]
[Black "Marjusaari, Eero"]
[Result "1-0"]
[WhiteElo "2303"]
[BlackElo "2064"]
[PlyCount "79"]
[EventDate "2013.??.??"]
[EventType "swiss"]
[EventRounds "5"]
[EventCountry "FIN"]
[SourceTitle "EXT 2022"]
[Source "ChessBase"]
[SourceDate "2021.10.06"]
[SourceVersion "1"]
[SourceVersionDate "2021.10.06"]
[SourceQuality "1"]

1. d4 Nf6 2. c4 e6 3. Nc3 Bb4 4. e3 b6 5. Nge2 Bb7 6. a3 Bxc3+ 7. Nxc3 0-0 8. Bd3 d5 9. cxd5 exd5 10. 0-0 Nbd7 11. b4 Ne4 12. Ne2 Ndf6 13. f3 Nd6 14. g4 Re8 15. Ng3 Nd7 16. Qc2 Nf8 17. Qf2 Qh4 18. Nf5 Qxf2+ 19. Kxf2 Nxf5 20. gxf5 Nd7 21. Bd2 a6 22. Rfc1 Rac8 23. Rab1 b5 24. a4 c6 25. a5 Nf6 26. Re1 Rc7 27. Rbc1 Rce7 28. Rg1 Kh8 29. Rg5 Ba8 30. Rcg1 Rg8 31. R1g3 Bb7 32. Rh3 Rge8 33. Rg1 Ba8 34. Rh4 Bb7 35. Re1 Kg8 36. e4 dxe4 37. fxe4 c5 38. e5 c4 39. Bb1 Nd5 40. f6 1-0

[Event "Heart of Finland op 22nd"]
[Site "Jyvaskyla"]
[Date "2012.07.12"]
[Round "6"]
[White "Marjusaari, Eero"]
[Black "Kivimaki, Jaakko"]
[Result "0-1"]
[WhiteElo "2050"]
[BlackElo "2182"]
[PlyCount "60"]
[EventDate "2012.07.09"]
[EventType "swiss"]
[EventRounds "9"]
[EventCountry "FIN"]
[SourceTitle "EXT 2022"]
[Source "ChessBase"]
[SourceDate "2021.10.06"]
[SourceVersion "1"]
[SourceVersionDate "2021.10.06"]
[SourceQuality "1"]

1. e4 e5 2. Nf3 Nc6 3. d4 exd4 4. Bc4 g6 5. Nxd4 Bg7 6. Be3 Nf6 7. Nc3 0-0 8. f3 Re8 9. 0-0 Na5 10. Be2 d5 11. Bg5 h6 12. Bxf6 Qxf6 13. Ndb5 Qb6+ 14. Kh1 c6 15. Nd6 Rd8 16. Nxc8 Raxc8 17. Na4 Qb4 18. c3 Qe7 19. b4 Nc4 20. Bxc4 dxc4 21. Qc2 Rd3 22. Rac1 b5 23. Nc5 Rxc3 24. Qd2 Rxc1 25. Qxc1 Rd8 26. Rd1 Rd4 27. Rxd4 Bxd4 28. Na6 Qg5 29. f4 Qg4 30. Qd2 c3 0-1